000 00516nam a22001577a 4500
003 NUST
082 _a621
100 _a Abbas, Muhammad
_918253
245 _aEffect of Shape Transformation on Energy Harvesting /
_cMuhammad Abbas
264 _aIslamabad :
_bSMME- NUST;
_c 2023.
300 _a72p. ;
_bSoft Copy
_c30cm.
650 _aMS Mechanical Engineering
_9119495
700 _aSupervisor : Dr. Adnan Munir
_9119527
856 _uhttp://10.250.8.41:8080/xmlui/handle/123456789/36343
942 _2ddc
_cTHE
999 _c607301
_d607301